000 00580nam a2200181Ia 4500
008 151202s9999||||xx |||||||||||||| ||und||
082 _bPNVM-85120
100 _aभागवत यशवंत.
245 _aप्रकाशाची सावली.
260 _bनवल प्रकाशन.
260 _c2012
300 _a212
600 _aभागवत यशवंत.
630 _aप्रकाशाची सावली.
700 _aभागवत यशवंत.
730 _aप्रकाशाची सावली.
942 _cBOOK
999 _c1349972
_d1349969